000 00601nam a2200181Ia 4500
003 IN-BaIIA
008 211028s9999 xx 000 0 eng d
040 _cIIA Library
080 _a083.7:69.025.332
_bISI
110 _aIndian Standards Institution
245 0 _aIndian Standard Code of Practice for Laying in-Situ Terrazzo Floor Finish
_cIndian Standards Institution
260 _aNew Delhi
_bIndian Standards Institution
_c1984
300 _a13p.
650 _aFloor Finish-Standards
_914810
650 _aNASA Thesaurus
650 _aStandards
_98876
942 _cBK
999 _c8804
_d8804